[Event "Campeonato del mundo sub-18"]
[Site "Kemer TUR"]
[Date "2009.11.16"]
[Round "6.37"]
[White "Inonu, Munci MuhsÝn"]
[Black "Plaskan, Jure"]
[Result "1/2-1/2"]
[WhiteElo "2002"]
[BlackElo "2197"]
[PlyCount "55"]
[EventDate "2009.11.11"]
[EventType "swiss"]
[EventRounds "11"]
[EventCountry "ESP"]
[Source "lmi"]
[SourceDate "2009.11.11"]

1. e4 c5 2. Nc3 Nc6 3. g3 g6 4. Bg2 Bg7 5. d3 d6 6. f4 e6 7. Nf3 Nge7 8. O-O
O-O 9. Be3 b6 10. Bf2 Ba6 11. Re1 Rc8 12. a4 Nd4 13. Rb1 Nec6 14. Na2 Nxf3+ 15.
Bxf3 Nd4 16. Bg2 Qc7 17. c3 Nc6 18. Nc1 Bb7 19. Ne2 Ne7 20. g4 f5 21. h3 e5 22.
Bg3 g5 23. gxf5 gxf4 24. Bxf4 exf4 25. Nxf4 Qd7 26. Ne6 Rf6 27. Qg4 Nc6 28. d4
1/2-1/2

[Event "Campeonato del mundo sub-18"]
[Site "Kemer TUR"]
[Date "2009.11.16"]
[Round "6.38"]
[White "Eiti, Bashir"]
[Black "Schon, Eugene"]
[Result "0-1"]
[WhiteElo "1813"]
[BlackElo "2171"]
[PlyCount "106"]
[EventDate "2009.11.11"]
[EventType "swiss"]
[EventRounds "11"]
[EventCountry "ESP"]
[Source "lmi"]
[SourceDate "2009.11.11"]

1. d4 d5 2. c4 c6 3. Nf3 Nf6 4. Nc3 dxc4 5. a4 Bf5 6. e3 e6 7. Bxc4 Bb4 8. O-O
O-O 9. Qe2 Bg4 10. h3 Bh5 11. Rd1 Nbd7 12. e4 Bg6 13. Bd3 Rc8 14. Bf4 Re8 15.
Rac1 Qa5 16. Ne5 Nxe5 17. Bxe5 Nd7 18. Bg3 Bh5 19. f3 e5 20. d5 Nb6 21. dxc6
bxc6 22. Be1 Qc5+ 23. Kh1 Qe7 24. b3 Red8 25. Na2 Bxe1 26. Qxe1 Rd6 27. a5 Nd7
28. Ba6 Rb8 29. b4 Rh6 30. g4 Bg6 31. Kg2 Nf8 32. Rxc6 Rh4 33. Rdc1 h5 34. Rc8
Rxc8 35. Bxc8 hxg4 36. hxg4 Qg5 37. Rd1 Qh6 38. Qg3 f6 39. b5 Be8 40. b6 axb6
41. axb6 Ng6 42. g5 fxg5 43. Be6+ Kf8 44. b7 Nf4+ 45. Qxf4+ gxf4 46. b8=Q Rh2+
47. Kf1 Rh1+ 48. Ke2 Qh2+ 49. Kd3 Rxd1+ 50. Kc3 Qd2+ 51. Kc4 Qd4+ 52. Kb3 Rb1+
53. Ka3 Qa4# 0-1

[Event "Campeonato del mundo sub-18"]
[Site "Kemer TUR"]
[Date "2009.11.16"]
[Round "6.39"]
[White "Mocanu, Sergiu"]
[Black "Ulkhanov, Azamat"]
[Result "0-1"]
[WhiteElo "2169"]
[BlackElo "2068"]
[PlyCount "70"]
[EventDate "2009.11.11"]
[EventType "swiss"]
[EventRounds "11"]
[EventCountry "ESP"]
[Source "lmi"]
[SourceDate "2009.11.11"]

1. d4 Nf6 2. c4 g6 3. Nc3 Bg7 4. e4 d6 5. Be2 O-O 6. Nf3 e5 7. O-O Nc6 8. d5
Ne7 9. Ne1 Nd7 10. f3 f5 11. g4 Nf6 12. Be3 Qd7 13. h3 f4 14. Bf2 h5 15. Nd3
hxg4 16. hxg4 b6 17. b4 a5 18. c5 axb4 19. c6 Qe8 20. Nxb4 Nf5 21. Nb5 Qf7 22.
Bxb6 cxb6 23. exf5 gxf5 24. Nxd6 Qe7 25. Nxc8 Qxb4 26. Ne7+ Qxe7 27. d6 Qa7 28.
Kg2 fxg4 29. fxg4 Bh6 30. g5 Qg7 31. Rg1 Bxg5 32. Kf1 f3 33. Bd3 e4 34. Bc4+
Kh8 35. Rh1+ Bh6 0-1

[Event "Campeonato del mundo sub-18"]
[Site "Kemer TUR"]
[Date "2009.11.16"]
[Round "6.40"]
[White "Yilmaz, Baler"]
[Black "Larmuseau, Maarten"]
[Result "0-1"]
[WhiteElo "1847"]
[BlackElo "2160"]
[PlyCount "36"]
[EventDate "2009.11.11"]
[EventType "swiss"]
[EventRounds "11"]
[EventCountry "ESP"]
[Source "lmi"]
[SourceDate "2009.11.11"]

1. d4 e6 2. c4 Nf6 3. Nf3 b6 4. Bg5 h6 5. Bh4 Bb7 6. e3 Be7 7. Bd3 Ne4 8. Bxe7
Qxe7 9. O-O f5 10. Ne5 Rg8 11. Qh5+ g6 12. Nxg6 Qf7 13. Nf4 Rxg2+ 14. Kxg2 Nf6+
15. f3 Nxh5 16. Nxh5 Qxh5 17. e4 fxe4 18. fxe4 Qg4+ 0-1

[Event "Campeonato del mundo sub-18"]
[Site "Kemer TUR"]
[Date "2009.11.16"]
[Round "6.41"]
[White "Santos, Hugo Lima"]
[Black "Sanchez, Maya Simon"]
[Result "0-1"]
[WhiteElo "2041"]
[BlackElo "2194"]
[PlyCount "64"]
[EventDate "2009.11.11"]
[EventType "swiss"]
[EventRounds "11"]
[EventCountry "ESP"]
[Source "lmi"]
[SourceDate "2009.11.11"]

1. e4 c5 2. Nc3 Nc6 3. f4 a6 4. g3 g6 5. Bg2 Bg7 6. Nf3 b5 7. O-O Bb7 8. d3 d6
9. Kh1 b4 10. Nb1 Qc7 11. c3 Nf6 12. Nbd2 Nd7 13. Qc2 bxc3 14. bxc3 Nb4 15.
cxb4 Bxa1 16. Bb2 Bxb2 17. Qxb2 O-O 18. f5 cxb4 19. Rc1 Qb8 20. Ng5 Rc8 21. Rf1
Nf6 22. Ndf3 Qc7 23. fxg6 hxg6 24. Bh3 Qc3 25. Qe2 a5 26. Qe3 Rc5 27. Nh4 Rxg5
28. Qxg5 Qxd3 29. Kg1 Bxe4 30. Bf5 Qd4+ 31. Rf2 Bxf5 32. Nxf5 Qxf2+ 0-1

[Event "Campeonato del mundo sub-18"]
[Site "Kemer TUR"]
[Date "2009.11.16"]
[Round "6.42"]
[White "Akdag, Dara"]
[Black "Hapuarachchi, H L M."]
[Result "1-0"]
[WhiteElo "2189"]
[BlackElo "2019"]
[PlyCount "111"]
[EventDate "2009.11.11"]
[EventType "swiss"]
[EventRounds "11"]
[EventCountry "ESP"]
[Source "lmi"]
[SourceDate "2009.11.11"]

1. d4 Nf6 2. c4 e6 3. Nf3 Bb4+ 4. Bd2 Qe7 5. g3 O-O 6. Bg2 Nc6 7. O-O Bxd2 8.
Qxd2 d6 9. Nc3 e5 10. Nd5 Qd8 11. Nxf6+ Qxf6 12. d5 Ne7 13. b4 Bf5 14. Qg5 Qxg5
15. Nxg5 h6 16. Ne4 Bxe4 17. Bxe4 f5 18. Bg2 e4 19. Rfd1 Ng6 20. c5 Ne5 21.
Rac1 Rac8 22. f3 exf3 23. exf3 Kf7 24. f4 Ng4 25. Rd3 Ke7 26. Ra3 a6 27. Bf3
Ra8 28. h3 Nf6 29. Re3+ Kd7 30. c6+ bxc6 31. dxc6+ Kd8 32. Rce1 Rb8 33. a3 Rb6
34. Re7 Re8 35. Rxe8+ Nxe8 36. g4 Nf6 37. Re2 Ne4 38. gxf5 Nf6 39. Rg2 Ne8 40.
f6 Nxf6 41. Rxg7 d5 42. Bxd5 Nxd5 43. Rd7+ Ke8 44. Rxd5 Rxc6 45. Kg2 Kf7 46.
Rc5 Rxc5 47. bxc5 Ke6 48. Kf3 Kd5 49. f5 Kxc5 50. Kg4 Kd6 51. Kh5 Ke7 52. Kg6
Kf8 53. Kxh6 Kf7 54. Kg5 c5 55. Kf4 Kf6 56. Ke4 1-0

[Event "Campeonato del mundo sub-18"]
[Site "Kemer TUR"]
[Date "2009.11.16"]
[Round "6.43"]
[White "Sartori, C Sergio M"]
[Black "Adair, James Robert"]
[Result "0-1"]
[WhiteElo "2021"]
[BlackElo "2188"]
[PlyCount "62"]
[EventDate "2009.11.11"]
[EventType "swiss"]
[EventRounds "11"]
[EventCountry "ESP"]
[Source "lmi"]
[SourceDate "2009.11.11"]

1. e4 c5 2. Nc3 Nc6 3. g3 g6 4. Bg2 Bg7 5. d3 d6 6. f4 Nf6 7. Nge2 O-O 8. O-O
Rb8 9. h3 Nd7 10. f5 b5 11. Nf4 c4 12. Nce2 cxd3 13. cxd3 Nb6 14. g4 d5 15.
exd5 Nd4 16. fxg6 hxg6 17. Be3 Nxe2+ 18. Qxe2 Bb7 19. Bc5 Nxd5 20. Bxa7 Ra8 21.
Nxd5 Rxa7 22. Nxe7+ Kh7 23. Bxb7 Qb6+ 24. Kh2 Qc7+ 25. Kg1 Bd4+ 26. Rf2 Rxb7
27. Nd5 Qg3+ 28. Kf1 Bxf2 29. Nf6+ Kg7 30. Ne8+ Rxe8 31. Qxe8 Be3 0-1

[Event "Campeonato del mundo sub-18"]
[Site "Kemer TUR"]
[Date "2009.11.16"]
[Round "6.44"]
[White "Norri, Roger"]
[Black "Biryukov, Mikhail"]
[Result "1-0"]
[WhiteElo "1896"]
[BlackElo "2165"]
[PlyCount "43"]
[EventDate "2009.11.11"]
[EventType "swiss"]
[EventRounds "11"]
[EventCountry "ESP"]
[Source "lmi"]
[SourceDate "2009.11.11"]

1. e4 c5 2. c4 Nc6 3. Ne2 d6 4. Nbc3 Nf6 5. d4 cxd4 6. Nxd4 e6 7. Be3 Be7 8.
Be2 a6 9. O-O O-O 10. b3 Qc7 11. f4 Bd7 12. Qd2 Nxd4 13. Bxd4 Bc6 14. Qd3 Rad8
15. Rf3 b6 16. Rh3 h6 17. Qe3 Rb8 18. Qg3 Kh7 19. e5 dxe5 20. Bxe5 Qb7 21. Bd3+
g6 22. Bxb8 1-0

[Event "Campeonato del mundo sub-18"]
[Site "Kemer TUR"]
[Date "2009.11.18"]
[Round "7.1"]
[White "Matlakov, Maxim"]
[Black "Salgado Lopez, Ivan"]
[Result "1/2-1/2"]
[WhiteElo "2575"]
[BlackElo "2562"]
[PlyCount "45"]
[EventDate "2009.11.11"]
[EventType "swiss"]
[EventRounds "11"]
[EventCountry "ESP"]
[Source "lmi"]
[SourceDate "2009.11.11"]

1. d4 Nf6 2. Nf3 d5 3. c4 e6 4. Nc3 c6 5. Bg5 h6 6. Bh4 dxc4 7. e4 g5 8. Bg3 b5
9. Ne5 Bb7 10. h4 g4 11. Nxg4 Nxg4 12. Qxg4 Qxd4 13. Rd1 Qf6 14. a4 Nd7 15.
axb5 cxb5 16. Qh5 Bb4 17. Qxb5 Bxc3+ 18. bxc3 Qxc3+ 19. Rd2 Rd8 20. Bc7 Qa1+
21. Rd1 Qa3 22. Rd2 Qa1+ 23. Rd1 1/2-1/2

[Event "Campeonato del mundo sub-18"]
[Site "Kemer TUR"]
[Date "2009.11.18"]
[Round "7.2"]
[White "Piorun, Kacper"]
[Black "Shukh, Nikolay"]
[Result "1-0"]
[WhiteElo "2475"]
[BlackElo "2438"]
[PlyCount "85"]
[EventDate "2009.11.11"]
[EventType "swiss"]
[EventRounds "11"]
[EventCountry "ESP"]
[Source "lmi"]
[SourceDate "2009.11.11"]

1. d4 Nf6 2. c4 e6 3. Nc3 Bb4 4. e3 d5 5. cxd5 exd5 6. a3 Bxc3+ 7. bxc3 c5 8.
Bd3 O-O 9. Ne2 b6 10. O-O Ba6 11. f3 Bxd3 12. Qxd3 Re8 13. Ng3 Nc6 14. Ra2 Rc8
15. Re2 Qd7 16. Bb2 Rcd8 17. Rd1 Qe6 18. Qb5 cxd4 19. cxd4 Na5 20. e4 Qd7 21.
Qd3 dxe4 22. fxe4 Nc6 23. Nf5 g6 24. Ng3 h5 25. Qf3 Ng4 26. Ree1 Kg7 27. h3 Nh6
28. e5 Qd5 29. Ne4 Ng8 30. Nd6 Qxf3 31. gxf3 Re7 32. d5 Na5 33. Re4 Nh6 34. Bc1
Red7 35. Bg5 Ra8 36. Kf2 Ng8 37. Bf4 Re7 38. e6 fxe6 39. dxe6 Rc7 40. Bg5 Ne7
41. Rf4 Kg8 42. Rf7 Nac6 43. Ne4 1-0

[Event "Campeonato del mundo sub-18"]
[Site "Kemer TUR"]
[Date "2009.11.18"]
[Round "7.4"]
[White "Adhiban, Baskaran"]
[Black "Narmontas, Matas"]
[Result "1-0"]
[WhiteElo "2486"]
[BlackElo "2370"]
[PlyCount "139"]
[EventDate "2009.11.11"]
[EventType "swiss"]
[EventRounds "11"]
[EventCountry "ESP"]
[Source "lmi"]
[SourceDate "2009.11.11"]

1. d4 d5 2. Nf3 c6 3. c4 Nf6 4. Nc3 a6 5. a4 e6 6. g3 dxc4 7. Bg2 c5 8. dxc5
Qxd1+ 9. Nxd1 Nc6 10. Ne3 c3 11. bxc3 Bxc5 12. O-O Ne4 13. Ne5 Nxe5 14. Bxe4
Rb8 15. Ba3 Bxa3 16. Rxa3 f5 17. Bg2 O-O 18. f4 Nf7 19. Rb1 b5 20. Rab3 Bd7 21.
c4 Nd6 22. axb5 axb5 23. Rd1 Nb7 24. Rxd7 Nc5 25. Rdd3 Nxb3 26. Rxb3 bxc4 27.
Rxb8 Rxb8 28. Nxc4 Rb1+ 29. Kf2 Kf7 30. g4 Ra1 31. g5 Ke7 32. Ne5 Ra4 33. Kg3
Ra3+ 34. Bf3 Ra4 35. h4 Ra3 36. Nd3 Kd6 37. Kf2 Ra4 38. Ke3 Ke7 39. Ne5 Kd6 40.
Nd3 Ke7 41. Bg2 Kd6 42. Bf3 Ke7 43. Bc6 Ra5 44. Ne5 Ra1 45. Kd4 Kd6 46. Bf3
Rd1+ 47. Nd3 Ra1 48. e4 Ra4+ 49. Ke3 Ra3 50. exf5 exf5 51. Bb7 g6 52. Bf3 Ke7
53. h5 Kf8 54. h6 Kg8 55. Bc6 Rc3 56. Bb5 Kh8 57. Kd4 Rc7 58. Ne5 Ra7 59. Bc6
Kg8 60. Kc5 Kh8 61. Kd6 Kg8 62. Nd7 Kh8 63. Ne5 Kg8 64. Be8 Ra6+ 65. Kc5 Kh8
66. Kb5 Re6 67. Bd7 Re7 68. Kc5 Kg8 69. Kd5 Kf8 70. Kd6 1-0

[Event "Campeonato del mundo sub-18"]
[Site "Kemer TUR"]
[Date "2009.11.18"]
[Round "7.5"]
[White "Yilmaz, Mustafa"]
[Black "Benidze, Davit"]
[Result "1/2-1/2"]
[WhiteElo "2468"]
[BlackElo "2450"]
[PlyCount "158"]
[EventDate "2009.11.11"]
[EventType "swiss"]
[EventRounds "11"]
[EventCountry "ESP"]
[Source "lmi"]
[SourceDate "2009.11.11"]

1. e4 c6 2. d4 d5 3. Nc3 dxe4 4. Nxe4 Bf5 5. Ng3 Bg6 6. Nh3 Nf6 7. Nf4 e5 8.
Nxg6 hxg6 9. dxe5 Qa5+ 10. Bd2 Qxe5+ 11. Qe2 Qxe2+ 12. Bxe2 Nbd7 13. O-O Bd6
14. Rad1 O-O 15. Rfe1 Rfe8 16. Bf1 Be5 17. c3 Nb6 18. Bc1 Bc7 19. Bd3 Rad8 20.
Bc2 Rxd1 21. Rxd1 Nbd5 22. c4 Nb4 23. Bb1 c5 24. Kf1 Nc6 25. Re1 Rd8 26. Bc2
Nb4 27. Bb3 Nd3 28. Rd1 Nxc1 29. Rxc1 Rd2 30. Re1 Rxb2 31. Ne4 Ba5 32. Nxf6+
gxf6 33. Re8+ Kg7 34. g3 Bc3 35. Re2 Rb1+ 36. Kg2 Bd4 37. Bc2 Rb4 38. Bd3 a6
39. Rc2 b5 40. Kf3 f5 41. h3 Kf6 42. Ke2 bxc4 43. Bxc4 a5 44. g4 fxg4 45. hxg4
Rb7 46. Kd3 Kg5 47. f3 Rd7 48. Kd2 Kf4 49. Be2 Bf2+ 50. Kc1 Be3+ 51. Kb2 Bf2
52. Kb3 Ke3 53. Ka4 Be1 54. Kb5 Bd2 55. Kc6 Rd8 56. Bc4 f6 57. Bd5 Bb4 58. Be4
Kd4 59. Bxg6 c4 60. Re2 Rc8+ 61. Kb5 Rc5+ 62. Ka4 Rg5 63. Bh7 Rg7 64. Bf5 Rb7
65. a3 Bc3 66. Re4+ Kc5 67. Re8 Be5 68. Rc8+ Bc7 69. Be4 Ra7 70. Rf8 Be5 71. f4
Bxf4 72. Rxf6 Bc1 73. Rc6+ Kd4 74. Bf5 Kd5 75. Rc8 Bb2 76. Rd8+ Ke5 77. Rc8 Kd5
78. Rd8+ Ke5 79. Rc8 Kd5 1/2-1/2

[Event "Campeonato del mundo sub-18"]
[Site "Kemer TUR"]
[Date "2009.11.18"]
[Round "7.7"]
[White "Chirila, Ioan-Cristian"]
[Black "Yaksin, Oleg"]
[Result "1-0"]
[WhiteElo "2510"]
[BlackElo "2406"]
[PlyCount "75"]
[EventDate "2009.11.11"]
[EventType "swiss"]
[EventRounds "11"]
[EventCountry "ESP"]
[Source "lmi"]
[SourceDate "2009.11.11"]

1. e4 e5 2. Nf3 Nf6 3. Nxe5 d6 4. Nf3 Nxe4 5. Nc3 Nxc3 6. dxc3 Be7 7. Be3 Nc6
8. Qd2 Be6 9. O-O-O Qd7 10. Kb1 a6 11. h4 h6 12. Nd4 Nxd4 13. Bxd4 Rg8 14. Be2
O-O-O 15. c4 Bg4 16. f3 Be6 17. h5 Bg5 18. Qc3 Bf4 19. g3 Bxg3 20. Bxg7 f5 21.
Bxh6 Be5 22. Qe3 Rde8 23. Bf4 Bxb2 24. Kxb2 Bxc4 25. Bxc4 Rxe3 26. Bxe3 Re8 27.
Bd4 b5 28. Bb3 Qh7 29. Bd5 c5 30. Bc3 b4 31. Bd2 Qh8+ 32. Kb1 a5 33. Bc1 a4 34.
Bc6 Re2 35. Bxa4 c4 36. h6 b3 37. axb3 c3 38. Rhe1 1-0

[Event "Campeonato del mundo sub-18"]
[Site "Kemer TUR"]
[Date "2009.11.18"]
[Round "7.8"]
[White "Baron, Tal"]
[Black "Nabaty, Tamir"]
[Result "1/2-1/2"]
[WhiteElo "2404"]
[BlackElo "2508"]
[PlyCount "119"]
[EventDate "2009.11.11"]
[EventType "swiss"]
[EventRounds "11"]
[EventCountry "ESP"]
[Source "lmi"]
[SourceDate "2009.11.11"]

1. e4 e6 2. d4 d5 3. Nd2 c5 4. Ngf3 cxd4 5. exd5 Qxd5 6. Bc4 Qd6 7. O-O Nf6 8.
Nb3 Nc6 9. Nbxd4 Nxd4 10. Qxd4 Qxd4 11. Nxd4 Bd7 12. Bf4 Rc8 13. Be2 Bc5 14.
Nb3 Bb6 15. c4 Ke7 16. a4 a6 17. a5 Ba7 18. Nd2 Rhd8 19. b4 Bd4 20. Ra3 e5 21.
Be3 Bg4 22. Nf3 Bxe3 23. Rxe3 e4 24. h3 Be6 25. Ng5 Bxc4 26. Re1 Kf8 27. Nxe4
Nd5 28. Rf3 Bxe2 29. Rxe2 Nxb4 30. Ng5 Rd7 31. Nxh7+ Kg8 32. Ng5 Nc6 33. Rf5
Rd1+ 34. Kh2 f6 35. Nf3 Rcd8 36. Rb2 R8d7 37. g4 Ra1 38. Rc2 Ra3 39. Kg2 Rd8
40. Rcc5 Ne7 41. Rf4 Nc6 42. Rff5 Rd6 43. g5 g6 44. Rxf6 Rxf6 45. gxf6 Rxa5 46.
Rxa5 Nxa5 47. Ne5 Nc6 48. f7+ Kf8 49. Nxg6+ Kxf7 50. Nf4 a5 51. Kf3 a4 52. Nd3
a3 53. Nc1 b5 54. Ke4 b4 55. Nb3 a2 56. Kd3 Ke6 57. Na1 Ne5+ 58. Kc2 b3+ 59.
Kb2 Kf5 60. Nxb3 1/2-1/2

[Event "Campeonato del mundo sub-18"]
[Site "Kemer TUR"]
[Date "2009.11.18"]
[Round "7.9"]
[White "Darini, Pouria"]
[Black "Recuero Guerra, David"]
[Result "1/2-1/2"]
[WhiteElo "2366"]
[BlackElo "2494"]
[PlyCount "66"]
[EventDate "2009.11.11"]
[EventType "swiss"]
[EventRounds "11"]
[EventCountry "ESP"]
[Source "lmi"]
[SourceDate "2009.11.11"]

1. e4 c5 2. Nf3 Nc6 3. d4 cxd4 4. Nxd4 g6 5. Nc3 Bg7 6. Be3 Nf6 7. f3 O-O 8.
Bc4 Qb6 9. Bb3 Nxe4 10. Nd5 Qa5+ 11. c3 Nc5 12. Nxc6 dxc6 13. Nxe7+ Kh8 14.
Nxc8 Raxc8 15. O-O Rfe8 16. Bf2 Rcd8 17. Qc2 Nxb3 18. axb3 Qb5 19. Rfe1 Rxe1+
20. Rxe1 Bf6 21. b4 a6 22. Qe4 Kg7 23. h4 h6 24. g4 g5 25. hxg5 hxg5 26. Re2
Qd5 27. Qxd5 Rxd5 28. Be3 Kg6 29. Kf2 Rd7 30. Rd2 Rxd2+ 31. Bxd2 Be5 32. Ke2
Kf6 33. Kd3 Ke6 1/2-1/2

[Event "Campeonato del mundo sub-18"]
[Site "Kemer TUR"]
[Date "2009.11.18"]
[Round "7.10"]
[White "Balog, Imre"]
[Black "Shyam, Nikhil Ponnusamy"]
[Result "1-0"]
[WhiteElo "2491"]
[BlackElo "2393"]
[PlyCount "121"]
[EventDate "2009.11.11"]
[EventType "swiss"]
[EventRounds "11"]
[EventCountry "ESP"]
[Source "lmi"]
[SourceDate "2009.11.11"]

1. c4 c5 2. Nf3 g6 3. Nc3 Bg7 4. g3 Nf6 5. Bg2 Nc6 6. O-O O-O 7. e3 d6 8. Qe2
e5 9. d3 h6 10. Bd2 Be6 11. a3 e4 12. dxe4 Na5 13. Nd5 Nxe4 14. Bxa5 Qxa5 15.
Nf4 Bd7 16. Rfd1 Rae8 17. Nd2 Nf6 18. b4 Qc7 19. Rab1 b6 20. Rdc1 Bf5 21. Rb3
g5 22. Nd5 Nxd5 23. Bxd5 Kh8 24. h4 g4 25. Nb1 cxb4 26. axb4 b5 27. Na3 bxc4
28. Rxc4 Qe7 29. Rf4 Bd7 30. b5 Rc8 31. Bc6 Be6 32. Rd3 a6 33. Bd5 Rc1+ 34. Kg2
axb5 35. Nxb5 Rd8 36. Qd2 Rc5 37. Bxe6 Rxb5 38. Bxg4 Rb2 39. Qa5 Rf8 40. Bf3
Be5 41. Rb4 Rc2 42. Qa4 Rc7 43. Rdb3 Qd7 44. Qxd7 Rxd7 45. Rb7 Rxb7 46. Rxb7
Kg7 47. Rd7 Kg6 48. Bd5 Kg7 49. Kh3 Kg6 50. e4 h5 51. f4 Bf6 52. Rxd6 Rd8 53.
Rc6 Rd7 54. Rc5 Be7 55. Rb5 Rc7 56. Rb6+ Kg7 57. e5 f6 58. Re6 Bd8 59. Bf3 Kg6
60. exf6 Rc5 61. f5+ 1-0

[Event "Campeonato del mundo sub-18"]
[Site "Kemer TUR"]
[Date "2009.11.18"]
[Round "7.11"]
[White "Pavlidis, Antonios"]
[Black "Martinovic, Sasa"]
[Result "1-0"]
[WhiteElo "2364"]
[BlackElo "2483"]
[PlyCount "71"]
[EventDate "2009.11.11"]
[EventType "swiss"]
[EventRounds "11"]
[EventCountry "ESP"]
[Source "lmi"]
[SourceDate "2009.11.11"]

1. e4 c5 2. Nf3 Nc6 3. d4 cxd4 4. Nxd4 Nf6 5. Nc3 d6 6. Bg5 e6 7. Qd2 a6 8.
O-O-O Bd7 9. f4 b5 10. Bxf6 gxf6 11. Kb1 Qb6 12. Nxc6 Bxc6 13. f5 h5 14. h4 Qc5
15. Qe1 Ra7 16. Rh3 Rc7 17. fxe6 fxe6 18. Nd5 Bxd5 19. exd5 Qxc2+ 20. Ka1 e5
21. Bd3 Qxg2 22. Rg3 Qh2 23. Bg6+ Kd8 24. Rc3 Bh6 25. Rxc7 Kxc7 26. Qc3+ Kb8
27. Qc6 Qe2 28. Qb6+ Ka8 29. Qxa6+ Kb8 30. Qxd6+ Ka8 31. Qa6+ Kb8 32. Qb6+ Ka8
33. Rb1 Rf8 34. d6 f5 35. d7 Qd3 36. Be8 1-0

[Event "Campeonato del mundo sub-18"]
[Site "Kemer TUR"]
[Date "2009.11.19"]
[Round "7.12"]
[White "Krejci, Jan"]
[Black "Pavlidis, Anatasios"]
[Result "1-0"]
[WhiteElo "2458"]
[BlackElo "2300"]
[PlyCount "83"]
[EventDate "2009.11.11"]
[EventType "swiss"]
[EventRounds "11"]
[EventCountry "ESP"]
[Source "lmi"]
[SourceDate "2009.11.11"]

1. e4 c5 2. Nf3 d6 3. d4 Nf6 4. Nc3 cxd4 5. Nxd4 g6 6. Be3 Bg7 7. f3 O-O 8. Qd2
Nc6 9. Bc4 Bd7 10. Bb3 Rc8 11. O-O-O Ne5 12. Kb1 a6 13. g4 b5 14. Nd5 Nxd5 15.
exd5 b4 16. h3 a5 17. f4 a4 18. fxe5 dxe5 19. Nc6 Bxc6 20. dxc6 Qxd2 21. Bxf7+
Kxf7 22. Bxd2 b3 23. cxb3 axb3 24. Rc1 Rfd8 25. Be3 Rd3 26. Rhe1 Ke6 27. axb3
Rxb3 28. Rc4 Rd3 29. c7 Kd5 30. Rc2 e4 31. Bb6 Bd4 32. Bxd4 Kxd4 33. b4 Rb3+
34. Kc1 e3 35. Rd1+ Rd3 36. b5 e2 37. Re1 Re3 38. b6 Ra8 39. c8=Q Ra1+ 40. Kb2
Rxe1 41. Qc4+ Ke5 42. Qc5+ 1-0

[Event "Campeonato del mundo sub-18"]
[Site "Kemer TUR"]
[Date "2009.11.18"]
[Round "7.13"]
[White "Rozum, Ivan"]
[Black "Kulakov, Viacheslav"]
[Result "1-0"]
[WhiteElo "2458"]
[BlackElo "2380"]
[PlyCount "119"]
[EventDate "2009.11.11"]
[EventType "swiss"]
[EventRounds "11"]
[EventCountry "ESP"]
[Source "lmi"]
[SourceDate "2009.11.11"]

1. d4 d5 2. Nf3 Nf6 3. c4 e6 4. g3 Nbd7 5. Bg2 Be7 6. O-O O-O 7. Qc2 c6 8. b3
b5 9. c5 Ne4 10. Ne1 f5 11. Nd3 Qc7 12. Bf4 Qd8 13. a4 bxa4 14. Rxa4 g5 15. Bc1
e5 16. Nxe5 Nxe5 17. dxe5 Nxc5 18. Ra1 Qb6 19. Ba3 Rf7 20. Nc3 Be6 21. Rab1 a5
22. Na4 Nxa4 23. bxa4 Bb4 24. Bxb4 axb4 25. Rfc1 Rc7 26. Qd2 Rxa4 27. Qxg5+ Rg7
28. Qf6 Rg6 29. Qe7 Bf7 30. Ra1 Qa5 31. Rxa4 Qxa4 32. Bh3 Re6 33. Qg5+ Bg6 34.
Bxf5 Rxe5 35. Qd8+ Re8 36. Qd7 Bf7 37. Rxc6 Qd1+ 38. Kg2 Qxe2 39. Bxh7+ Kg7 40.
Bb1 b3 41. Qf5 Qh5 42. Qf6+ Kg8 43. Bg6 Qxg6 44. Qxg6+ Bxg6 45. Rxg6+ Kf7 46.
Rb6 d4 47. Kf3 Re1 48. Rxb3 Ke6 49. Rb8 Kd5 50. h4 d3 51. h5 Kd4 52. Rd8+ Kc3
53. g4 d2 54. g5 d1=Q+ 55. Rxd1 Rxd1 56. g6 Rg1 57. Ke4 Kc4 58. f4 Re1+ 59. Kf5
Rh1 60. g7 1-0

[Event "Campeonato del mundo sub-18"]
[Site "Kemer TUR"]
[Date "2009.11.18"]
[Round "7.14"]
[White "Rasulov, Vugar Ural Oglu"]
[Black "Bebel, Arkadiusz"]
[Result "1-0"]
[WhiteElo "2427"]
[BlackElo "2275"]
[PlyCount "79"]
[EventDate "2009.11.11"]
[EventType "swiss"]
[EventRounds "11"]
[EventCountry "ESP"]
[Source "lmi"]
[SourceDate "2009.11.11"]

1. e4 c5 2. Nf3 e6 3. d4 cxd4 4. Nxd4 Nf6 5. Nc3 d6 6. g4 h6 7. h4 Nc6 8. Rg1
h5 9. gxh5 Nxh5 10. Bg5 Nf6 11. Qd2 a6 12. O-O-O Be7 13. Be2 Qc7 14. h5 Bd7 15.
Rh1 O-O-O 16. Nb3 Be8 17. Qf4 Kb8 18. h6 Ng8 19. Bxe7 Qxe7 20. hxg7 Rxh1 21.
Rxh1 f6 22. Qg3 Ka8 23. Kb1 Bf7 24. f4 Qc7 25. Qe3 Kb8 26. Nd1 d5 27. exd5 exd5
28. Qc5 Qxf4 29. Bxa6 Bg6 30. Rf1 Qc7 31. Bb5 Rc8 32. Nc3 Qh2 33. Bd3 Bxd3 34.
cxd3 Qg3 35. Rg1 Qxd3+ 36. Ka1 Nce7 37. Qd6+ Ka8 38. Na4 Ka7 39. Qb6+ Kb8 40.
Nac5 1-0

[Event "Campeonato del mundo sub-18"]
[Site "Kemer TUR"]
[Date "2009.11.18"]
[Round "7.15"]
[White "Abasov, Nijat"]
[Black "Demidov, Mikhail"]
[Result "1/2-1/2"]
[WhiteElo "2522"]
[BlackElo "2360"]
[PlyCount "122"]
[EventDate "2009.11.11"]
[EventType "swiss"]
[EventRounds "11"]
[EventCountry "ESP"]
[Source "lmi"]
[SourceDate "2009.11.11"]

1. e4 e6 2. d4 d5 3. Nd2 Nf6 4. e5 Nfd7 5. Bd3 c5 6. c3 Nc6 7. Ne2 cxd4 8. cxd4
f6 9. exf6 Nxf6 10. O-O Bd6 11. Nf3 O-O 12. Bf4 Bxf4 13. Nxf4 Ne4 14. Qc1 Ng5
15. Nxg5 Qxg5 16. Ne2 Qf6 17. Qe3 Bd7 18. Bb5 Nb8 19. Nc3 Bxb5 20. Nxb5 Nc6 21.
Nc7 Rac8 22. Qxe6+ Qxe6 23. Nxe6 Rf6 24. Rfe1 Nb4 25. Re2 Rc2 26. Rae1 Rxe2 27.
Rxe2 Nxa2 28. Nd8 Nc1 29. Re3 h6 30. h4 Rf8 31. Nxb7 Rf4 32. h5 Rxd4 33. Nd6
Rf4 34. Kf1 d4 35. Re8+ Kh7 36. Re4 Rxe4 37. Nxe4 Nd3 38. b3 a6 39. g3 Kg8 40.
Nd6 Nc1 41. b4 Na2 42. b5 axb5 43. Nxb5 d3 44. Ke1 Nb4 45. Nd6 Nd5 46. f3 Nf6
47. g4 g6 48. hxg6 Kg7 49. Ne4 Nd5 50. Kd2 Kxg6 51. Kxd3 h5 52. gxh5+ Kxh5 53.
Kd4 Nb4 54. Ke5 Kg6 55. Nc5 Nc6+ 56. Ke4 Kf6 57. f4 Ne7 58. Nd7+ Ke6 59. Ne5
Nf5 60. Ng4 Ng3+ 61. Kf3 Nh5 1/2-1/2

[Event "Campeonato del mundo sub-18"]
[Site "Kemer TUR"]
[Date "2009.11.18"]
[Round "7.16"]
[White "Stankovic, Milos"]
[Black "Hovhannisyan, Robert"]
[Result "0-1"]
[WhiteElo "2379"]
[BlackElo "2487"]
[PlyCount "108"]
[EventDate "2009.11.11"]
[EventType "swiss"]
[EventRounds "11"]
[EventCountry "ESP"]
[Source "lmi"]
[SourceDate "2009.11.11"]

1. e4 e5 2. Nf3 Nf6 3. d4 Nxe4 4. dxe5 Bc5 5. Bc4 Nxf2 6. Bxf7+ Kxf7 7. Qd5+
Kg6 8. Rf1 d6 9. Rxf2 Bxf2+ 10. Kxf2 h6 11. Qe4+ Kf7 12. Nc3 Nc6 13. Bf4 dxe5
14. Bxe5 Re8 15. Qf4+ Kg8 16. Bxc7 Qd7 17. Rd1 Qf5 18. Nd5 Be6 19. Qxf5 Bxf5
20. Ne3 Be4 21. Rd7 Rac8 22. Bg3 Re7 23. Rxe7 Nxe7 24. Nd4 Rf8+ 25. Kg1 Rd8 26.
c3 Nc6 27. Nxc6 Bxc6 28. Be1 b5 29. Kf2 Bd5 30. a3 Bb3 31. Ke2 Bc4+ 32. Kf3 Bb3
33. Ke2 Kf7 34. Bh4 g5 35. Bf2 Ke6 36. h4 a5 37. hxg5 hxg5 38. Bg3 Bc4+ 39.
Nxc4 bxc4 40. Bc7 Rd5 41. a4 Kd7 42. Bb6 Kc6 43. Bd4 g4 44. Kf2 Rd8 45. Kg3 Rb8
46. Kxg4 Rxb2 47. Kf3 Ra2 48. g4 Rxa4 49. g5 Ra1 50. g6 Rb1 51. g7 Rb8 52. Bf6
a4 53. Be7 Rg8 54. Bf8 Rxg7 0-1